Испытательный срок: повести, рассказы

Bibliografiske detaljer
Hovedforfatter: Нилин П. Ф. Павел Филиппович
Andre forfattere: Жанков Б. Г. (иллюстратор)
Summary:Исключено из фонда НТБ ТПУ
Sprog:russisk
Udgivet: Кишинев, Литература артистикэ, 1987
Format: MixedMaterials Bog
KOHA link:https://koha.lib.tpu.ru/cgi-bin/koha/opac-detail.pl?biblionumber=145737

MARC

LEADER 00000nam0a2200000 4500
001 145737
005 20231101221157.0
020 |a RU  |b 88-19920 
035 |a (RuTPU)RU\TPU\book\157970 
090 |a 145737 
100 |a 20081021d1987 m y0rusy5003 ca 
101 0 |a rus 
102 |a MD 
105 |a y z 000ay 
200 1 |a Испытательный срок  |e повести, рассказы  |f П. Ф. Нилин  |g худож. Б. Г. Жанков 
210 |a Кишинев  |c Литература артистикэ  |d 1987 
215 |a 543,[1] с.  |c ил. 
333 |a Исключено из фонда НТБ ТПУ 
700 1 |a Нилин  |b П. Ф.  |c русский писатель  |f 1908-1981  |g Павел Филиппович  |9 812 
702 1 |a Жанков  |b Б. Г.  |4 440 
801 0 |a RU  |b RuMRKP  |c 19950417  |g psbo 
801 1 |a RU  |b 63413507  |c 20081021  |g PSBO 
801 2 |a RU  |b 63413507  |c 20220602  |g PSBO 
942 |c BK